000 00566nam a2200193 a 4500
005 20221104063452.0
008 030609s1999 mx r 000 0 spa d
020 _a8480883332
035 _aUPN01000125250
049 _aCG
050 4 _aHF5549
_bF8.88
100 1 _aFuller, George.
245 1 0 _aWin Win management :
_btu ganas, yo gano, la empresa gana /
_cGeorge Fuller.
260 _aBarcelona, Esp. :
_bGestión 2000,
_c1999.
300 _a321 p.
650 2 _aAdministración de personal
_9487
650 4 _aSUPERVISION DE EMPLEADOS
_917213
905 _aLibro
999 _c97429
_d97429